| 000 | 01731nam a2200277 a 4500 | ||
|---|---|---|---|
| 001 | 84093 | ||
| 003 | BD-RjUL | ||
| 005 | 20241008150145.0 | ||
| 008 | 241008s2020 bg ||||| m||| 00| 0 ben d | ||
| 035 | _a(BD-RjUL)84093 | ||
| 040 |
_aBD-RjUL _bben _cBD-RjUL _dBD-RjUL |
||
| 041 | _aben | ||
| 082 |
_223 _a891.44092 _bISA 2020 |
||
| 100 |
_aইসলাম, মোঃ রবিউল _913751 |
||
| 245 | 1 | 0 |
_aআবদুল হকের প্রবন্ধে বাঙালির আত্মপরিচয় ; _cমোঃ রবিউল ইসলাম _6গবেষণা তত্তাবধায়ক : স্বরোচিষ সরকার |
| 260 |
_aরাজশাহী : _bইনস্টিটিউট অব বাংলাদেশ স্টাডিজ,রাজশাহী বিশ্ববিদ্যালয় _c২০২০ |
||
| 300 |
_aঝ, ১২৮ পাতা ; _c২৯ সেমি. |
||
| 502 | _aথিসিস (এম.ফিল.) -- ইনস্টিটিউট অব বাংলাদেশ স্টাডিজ,রাজশাহী বিশ্ববিদ্যালয়,২০২০ | ||
| 504 | _aগ্রন্থপঞ্জি : পাতা ১২০-১২৮ | ||
| 600 |
_aহক, আবদুল _c১৯১৮-১৯৯৭ _xসমালোচনা ও ব্যাখা _913752 |
||
| 600 |
_aHaque, Abdul _c1918-1997 _xCriticism and Interpretation _913753 |
||
| 650 |
_aবাংলা সাহিত্য _xইতিহাস ও সমালোচনা |
||
| 650 |
_aBengali Literature _xHistory & Criticism _93020 |
||
| 700 |
_aসরকার, স্বরোচিষ, গবেষণা তত্তাবধায়ক _913754 |
||
| 942 |
_2ddc _cTHE |
||
| 999 |
_c84093 _d84093 |
||